4時台の始発列車がある駅サドンデス - Statistics

General Stats
  • This quiz has been taken 370 times
  • The average score is 4 of 50
Answers on the Grid
Answers color-coded by a green-red scale on the quiz's grid according to % correct below.
旭川
大湊
盛岡
仙台
八郎潟
山形
いわき
高萩
水戸
土浦
取手
宇都宮
小金井
新前橋
高崎
籠原
さいたま新都心
川口
川越
千葉
四街道
成田
木更津
西船橋
南船橋
東京
錦糸町
府中本町
国分寺
拝島
武蔵五日市
町田
新横浜
大船
逗子
寒川
辻堂
小田原
新潟
直江津
富山
金沢
福井(福井)
大月
甲府
松本
長野
大垣
熱海
沼津
静岡
浜松
名古屋
亀山(三重)
草津(滋賀)
園部
京都
松井山手
木津(京都)
大阪
大阪梅田
京橋(大阪)
天王寺
和泉府中
宝塚
三田(兵庫)
三ノ宮
明石
姫路
奈良
王寺
和歌山
鳥取
米子
松江
出雲市
岡山
福山
広島
岩国
新山口
徳島
高松(香川)
松山(愛媛)
高知
小倉(福岡)
博多
久留米
鳥栖
江北(佐賀)
早岐
長崎(長崎)
八代
柳ヶ浦
大分
延岡
都城
鹿児島中央
てだこ浦西
 
Answer Stats
Answer % Correct
東京
35%
千葉
26%
大船
25%
さいたま新都心
23%
川口
23%
水戸
17%
取手
16%
西船橋
16%
宇都宮
15%
12%
錦糸町
12%
大阪
12%
高萩
11%
小田原
10%
川越
9%
府中本町
9%
国分寺
8%
天王寺
8%
高松(香川)
8%
出雲市
7%
小金井
6%
町田
6%
逗子
6%
京橋(大阪)
6%
熱海
4%
亀山(三重)
4%
成田
2%
金沢
2%
沼津
2%
明石
2%
高知
2%
小倉(福岡)
2%
柳ヶ浦
2%
鹿児島中央
2%
拝島
1%
草津(滋賀)
1%
園部
1%
和泉府中
1%
宝塚
1%
三田(兵庫)
1%
奈良
1%
王寺
1%
和歌山
1%
米子
1%
福山
1%
久留米
1%
鳥栖
1%
寒川
0%
木津(京都)
0%
岩国
0%
No matching quizzes found
Score Distribution
Percent of People with Each Score
Percentile by Number Answered
Your Score History
You have not taken this quiz